000 00647nam a22002417a 4500
003 UA-OsUOA
001 96101
007 ta
008 20130315b un ||||| |||| 00| 0 ukr d
100 _aКостылев В.
090 _a882
_bК72
942 _cBK
040 _aUA-OsUOA
_brus
_cUA-OsUOA
_dUA-OsUOA
245 _aИван Грозный
_bроман
300 _a430 с.
955 _a3
041 _arus
080 _a882
260 _aМ.
_bПолитиздат
246 3 1 _a(Море)
_n
650 7 _a8 Мовознавство. Художня література. Літературознавство
_2UDC
999 _c382348
_d382348